Swift and the catirist`s art / (Record no. 5040)
[ view plain ]
| 000 -LEADER | |
|---|---|
| fixed length control field | 00379cam a2200145ua 4500 |
| 041 ## - LANGUAGE CODE | |
| Language code of text/sound track or separate title | eng |
| 082 ## - DEWEY DECIMAL CLASSIFICATION NUMBER | |
| Classification number | 828.09 |
| Item number | ROS/SW |
| 100 ## - MAIN ENTRY--AUTHOR NAME | |
| Personal name | Rosenheim, Edward W . |
| 245 ## - TITLE STATEMENT | |
| Title | Swift and the catirist`s art / |
| 260 ## - PUBLICATION, DISTRIBUTION, ETC. (IMPRINT) | |
| Place of publication | Chicago : |
| Name of publisher | The university press , |
| Year of publication | 1963. |
| 300 ## - PHYSICAL DESCRIPTION | |
| Number of Pages | 243 ; . |
| 942 ## - ADDED ENTRY ELEMENTS (KOHA) | |
| Koha item type | Books |
| Withdrawn status | Lost status | Damaged status | Home library | Current library | Date acquired | Cost, normal purchase price | Full call number | Accession Number | Koha item type | Public note |
|---|---|---|---|---|---|---|---|---|---|---|
| Withdrawn | KAUAET | Sanskrit University | 07/04/2012 | 44.60 | 828.09 | 7127 | Books | Transferred to Sanskrit University |
